LEADER 01528nas a2200325 i 4500 001 000000173601 003 CaOOAMICUS 005 20190204145858.0 008 080722b2008 fr uu u0 0fre r 013 $a151054 020 $a978-2-7132-2179-8 020 $a978-2-200-92453-9 040 $aSeMil$bita 245 10$a2008 : 3 Empires : Droits et citoyenneté : Empires et identités nationales : L'histoire coloniale en question : Empires coloniaux. 260 $aParis :$bArmand Colin,$ccopyr. 2008. 260 $aParis :$bÉd. de l'EHESS,$ccopyr. 2008. 300 $aP. [485]-732, XI p. ;$c24 cm. 500 $aContiene : Résumés = Abstracts [in francese e in inglese]. - Titoli dalla copertina. 710 2 $aCNRS .$0(OLS)http://semarc/name/1698 773 0 $tAnnales.$dParis : Armand Colin $x0395-2649$w()1823 774 0 $t[vedi periodico].$w()269375 850 $aSeMil 852 $aSeMil$W1$xVenegono$y1$m147 3 52$j124446$B124446$CSeMilBibl$Z2$F139307 $85 961 $aAbbonamento: Colin 996 $6020$a978-2-7132-2179-8$9(OLS)http://semarc/number/161305 996 $6020$a978-2-200-92453-9$9(OLS)http://semarc/number/161306 996 $6245$a2008 : 3 Empires : Droits et citoyenneté : Empires et identités nationales : L'histoire coloniale en question : Empires coloniaux$9(OLS)http://semarc/title/248718 996 $6260$aParis :$bÉd. de l'EHESS$9(OLS)http://semarc/publisher/44072 996 $6260$aParis :$bArmand Colin$9(OLS)http://semarc/publisher/34808 LEADER 01009nam a2200265 i 4500 001 000000040081 003 CaOOAMICUS 005 20120228000000.0 008 120228s1930 xx u000 u fre u 013 $a11239 040 $aSeMil$bita 100 1 $aHomo, Léon.$0(OLS)http://semarc/name/19518 245 13$aLa civilisation romaine /$cLéon Homo. 260 $aParis :$bPayot,$c1930. 300 $a470 p. :$bill. ;$c23 cm. 490 0 $aBibliothèque historique 500 $aDono di mons. Antonio Rimoldi. 650 4$aRoma antica.$0(OLS)http://semarc/subject/2382 650 4$aRoma antica - Civiltà.$0(OLS)http://semarc/subject/4277 830 0$aBibliothèque historique.$0(OLS)http://semarc/title/9280 850 $aSeMil 852 $aSeMil$W1$xVenegono$y1$m3S III 239$j6236$B6236$CSeMilBibl$Z2$F6236 $81 961 $aOmaggio: Rimoldi mons. Antonio 996 $6245$aLa civilisation romaine$9(OLS)http://semarc/title/57404 996 $6260$aParis :$bPayot$9(OLS)http://semarc/publisher/29980